Isogram Breakdown Puzzle #4 - Statistics

General Stats
  • This quiz has been taken 649 times
  • The average score is 16 of 24
Answer Stats
Hint Answer % Correct
Do the tango Dance
94%
'Lazy' animal Sloth
91%
Escargot Snail
91%
Inebriated Drunk
89%
Calamari Squid
88%
His and hers Their
86%
Shoreline Coast
82%
Ten-event sports DECATHLONS
79%
Street talk Slang
77%
Family fights Feuds
72%
Paris subway Metro
70%
Sacred cup Grail
68%
Safe place Haven
67%
Flat land Plain
67%
Beach workers LIFEGUARDS
64%
Tele- or vibra- Phone
62%
Aliens, to a Martian EARTHLINGS
61%
Film score SOUNDTRACK
61%
Conquered, trounced VANQUISHED
60%
Date, woo Court
53%
Vaulter's springboard TRAMPOLINE
49%
Put in a trance HYPNOTIZED
44%
Dumb, vacuous Ditzy
38%
Above 20,000 hertz ULTRASONIC
35%
No matching quizzes found
Score Distribution
Percent of People with Each Score
Percentile by Number Answered
Your Score History
You have not taken this quiz